Statistiques concernant Les 10 meilleurs buteurs en 2006.

Cliquez ici pour prendre le quiz!

Statistiques générales

  • Ce quiz a été pris 85 fois
  • Le résultat moyen est 6 sur 10

Statistiques - réponses

ButsJoueursClubs% Correct
35Thierry HenryArsenal
97%
35Didier DrogbaChelsea
93%
31PauletaPSG
88%
36David VillaValence
83%
25Ruud Van NistelrooyMan United/ Real
75%
26KakaMilan
49%
28Luca ToniFiorentina
45%
25Dimitar BerbatovLeverkusen/ Tottenham
42%
32Miroslav KloseWerder
41%
25Louis SahaMan United
13%

Distribution des résultats

Percentile par nombre de réponses

% des personnes avec chaque résultat

Votre développement - résultats

Vous n’avez pas pris ce quiz